A Dictionary of earth sciences / (Record no. 127614)

MARC details
000 -LEADER
fixed length control field 00594nam a22002057a 4500
005 - DATE AND TIME OF LATEST TRANSACTION
control field 20170124110028.0
010 ## - LIBRARY OF CONGRESS CONTROL NUMBER
LC control number 897625
020 ## - INTERNATIONAL STANDARD BOOK NUMBER
Terms of availability 00.00
International Standard Book Number 333901819
035 ## - SYSTEM CONTROL NUMBER
System control number 897625
037 ## - SOURCE OF ACQUISITION
Source of stock number/acquisition Cen Lib/Ret
040 ## - CATALOGING SOURCE
Original cataloging agency DPL
Language of cataloging EN
082 ## - DEWEY DECIMAL CLASSIFICATION NUMBER
Classification number 550.3
Item number DIC
245 ## - TITLE STATEMENT
Title A Dictionary of earth sciences /
Statement of responsibility, etc edited by Stella E. Stiegeler
260 ## - PUBLICATION, DISTRIBUTION, ETC. (IMPRINT)
Place of publication, distribution, etc Delhi
Name of publisher, distributor, etc The Macmillan Company of India
Date of publication, distribution, etc 1976
300 ## - PHYSICAL DESCRIPTION
Extent 301p. :
Dimensions 21cm(Hb)
Other physical details ill
650 ## - SUBJECT ADDED ENTRY--TOPICAL TERM
Topical term or geographic name as entry element Earth sciences
9 (RLIN) 21015
650 ## - SUBJECT ADDED ENTRY--TOPICAL TERM
Topical term or geographic name as entry element Geology
9 (RLIN) 17268
700 ## - ADDED ENTRY--PERSONAL NAME
Personal name Stiegeler, Stella E.
9 (RLIN) 21016
942 ## - ADDED ENTRY ELEMENTS (KOHA)
Source of classification or shelving scheme Dewey Decimal Classification
Koha item type English Books
Classification part 550.3
Call number suffix DIC
Holdings
Withdrawn status Lost status Damaged status Not for loan Home library Current library Date acquired Source of acquisition Cost, normal purchase price Total Checkouts Full call number Barcode Date last seen Copy number Cost, replacement price Price effective from Koha item type
        Central Library Central Library 30/06/2015 Cen Lib/Ret 0.00   550.3 DIC 897625 30/06/2015 1 0.00 30/06/2015 English Books

© Delhi Public Library
Hit Counter
free hit counter